| Поле | Инд. | ПП | Название | Значение |
|---|---|---|---|---|
| Тип записи | a | |||
| Библиографический уровень | m | |||
| 001 | Контрольный номер | 8278f1dc-590b-4c39-b4b2-aad26b9d5506 | ||
| 005 | Дата корректировки | 20140227061950.7 | ||
| 008 | Кодируемые данные | 060607s1986 rur a 000u 0rus d | ||
| 020 | c | Цена, тираж | 90 к. | |
| 040 | a | Служба первич. каталог. | RuMoRKP | |
| 040 | a | Служба первич. каталог. | НБ ТвГУ | |
| 041 | a | Код языка текста | rus | |
| 080 | a | Индекс УДК | 802.0(075.8) | |
| 084 | a | Индекс другой классификации/Индекс ББК | 81.2Англ-923 | |
| 090 | x | Авторский знак | Л33 | |
| a | Полочн. индекс | 4И(Англ) | ||
| 100 | 1_ | a | Автор | Лебедева Светлана Михайловна |
| 245 | 10 | a | Заглавие | Изучаем второй иностранный язык |
| b | Продолж. заглавия | практ. курс англ. яз. : [учеб. для ин-тов и фак. иностр. яз.] | ||
| c | Ответственность | С. М. Лебедева, Н. В. Семенова | ||
| 260 | 0_ | a | Место издания | Москва |
| b | Издательство | Высшая школа | ||
| c | Дата издания | 1986 | ||
| 300 | a | Объем | 287,[1] с. | |
| c | Размеры | 21 см | ||
| 650 | a | Основная рубрика | Английский язык | |
| x | Основная подрубрика | Учебники для вузов | ||
| 653 | a | Ключевые слова | Английский язык | |
| 700 | 1_ | a | Другие авторы | Семенова Наталия Васильевна |
| e | Роль лиц | авт. | ||
| 852 | t | Порядковый номер экземпляра | 2 | |
| p | Инвентарный номер | 560644 | ||
| p | Инвентарный номер | 560644 | ||
| 930 | a | Новая/Ретро | учебники | |
| 954 | a | Дата поступления на обработку | 20080319 | |
| 999 | a | Подразделение 2 | аб. |